[Event "TUR Cup"]
[Site "Denizli"]
[Date "2024.07.31"]
[Round "2"]
[White "Kirilmaz, Emre"]
[Black "Ceylan, Enes Arda"]
[Result "0-1"]
[WhiteElo "2223"]
[BlackElo "1783"]
[PlyCount "110"]
[EventDate "2024.07.30"]
[EventType "swiss"]
[EventRounds "11"]
[EventCountry "TUR"]
[SourceTitle "EXT 2025"]
[Source "ChessBase"]
[SourceDate "2024.10.14"]
[SourceVersion "1"]
[SourceVersionDate "2024.10.14"]
[SourceQuality "1"]

1. d4 Nf6 2. Bg5 Ne4 3. Bf4 c5 4. f3 Qa5+ 5. c3 Nf6 6. d5 Qb6 7. b3 g6 8. e4 d6 9. Qd2 Bg7 10. Bh6 0-0 11. Bxg7 Kxg7 12. c4 e6 13. Nc3 exd5 14. exd5 Re8+ 15. Kf2 Na6 16. Nge2 Bd7 17. Ng3 Re5 18. f4 Re7 19. Be2 Rae8 20. Rhf1 h5 21. h4 Bg4 22. Bf3 Qa5 23. Qb2 Kg8 24. Nb5 Qd8 25. Qd2 Qd7 26. Nc3 Nc7 27. Qb2 Bxf3 28. gxf3 Re3 29. Kg2 Qe7 30. Nd1 Rd3 31. Nc3 Qe3 32. Rf2 Rxc3 33. Nf1 Qd4 34. Rd2 Rd3 35. Qxd4 Rxd4 36. Kf2 Rxd2+ 37. Nxd2 b5 38. cxb5 Ncxd5 39. Nc4 Nxf4 40. Nxd6 Re2+ 41. Kg1 N6d5 42. Ne4 Rg2+ 43. Kh1 Ne3 44. Re1 Ne2 45. Rf1 f5 46. Rf2 Rg1+ 47. Kh2 Nf1+ 48. Rxf1 Rxf1 49. Nxc5 Rxf3 50. a4 Rf2+ 51. Kh1 f4 52. a5 Ng3+ 53. Kg1 Rd2 54. b6 f3 55. b7 Rg2# 0-1